Govt. of
Madhya Pradesh

Taxmann's Money Laundering (Record no. 13502)

MARC details
000 -LEADER
fixed length control field 005350000a22001930004500
001 - CONTROL NUMBER
control field 001582
003 - CONTROL NUMBER IDENTIFIER
control field MACL
005 - DATE AND TIME OF LATEST TRANSACTION
control field 20150728153257.0
008 - FIXED-LENGTH DATA ELEMENTS--GENERAL INFORMATION
fixed length control field 150728b xxu||||| |||| 00| 0 eng d
040 ## - CATALOGING SOURCE
Original cataloging agency MACL
Transcribing agency MACL
041 ## - LANGUAGE CODE
Language code of text/sound track or separate title English
082 ## - DEWEY DECIMAL CLASSIFICATION NUMBER
Classification number 332.4/KUM
100 ## - MAIN ENTRY--PERSONAL NAME
Personal name Kumar, Arya Ashok
9 (RLIN) 2887
245 ## - TITLE STATEMENT
Title Taxmann's Money Laundering
Remainder of title Combating The Menace In Global & Indian Context
Statement of responsibility, etc. Arya Ashok Kumar
260 ## - PUBLICATION, DISTRIBUTION, ETC. (IMPRINT)
Place of publication, distribution, etc. Taxmann Allied Services,
Date of publication, distribution, etc. 2003
Name of publisher, distributor, etc. Delhi
350 ## - PRICE (NR) (BK AM CF MU VM SE) [OBSOLETE]
Price 195
650 ## - SUBJECT ADDED ENTRY--TOPICAL TERM
Topical term or geographic name as entry element Economics
9 (RLIN) 2889
942 ## - ADDED ENTRY ELEMENTS (KOHA)
Call number prefix 332
Koha item type Books
Source of classification or shelving scheme
Holdings
Withdrawn status Lost status Source of classification or shelving scheme Damaged status Not for loan Home library Current library Date acquired Cost, normal purchase price Total Checkouts Full call number Barcode Date last seen Uniform Resource Identifier Price effective from Koha item type
          MACL MACL 15/04/2015 195.00   332.4/KUM CRE017573 02/05/2024 13377 15/04/2015 Books